Confessonario mas lato en lengua cumanagota / (Record no. 166016)

MARC details
000 -LEADER
campo de control de longitud fija 00945nam a2200253 i 4500
001 - NÚMERO DE CONTROL
campo de control 166016
003 - IDENTIFICADOR DE NÚMERO DE CONTROL
campo de control ES-MaACL
005 - FECHA Y HORA DE LA ÚLTIMA TRANSACCIÓN
campo de control 20230906213240.0
008 - DATOS DE LONGITUD FIJA--INFORMACIÓN GENERAL
campo de control de longitud fija 041104s1888 gw |||| | spa d
040 ## - FUENTE DE CATALOGACIÓN
Centro catalogador/agencia de origen CAM
Lengua de catalogación spa
Centro/agencia transcriptor CAM
100 1# - ENTRADA PRINCIPAL--NOMBRE DE PERSONA
Nombre de persona Tapia, Diego de.
9 (RLIN) 162859
245 10 - MENCIÓN DEL TÍTULO
Título Confessonario mas lato en lengua cumanagota /
Mención de responsabilidad, etc. por Fr. Diego de Tapia ; publicado de nuevo por Julio Platzmann.
250 ## - MENCION DE EDICION
Mención de edición Ed. facs.
260 ## - PUBLICACIÓN, DISTRIBUCIÓN, ETC.
Lugar de publicación, distribución, etc. Leipzig :
Nombre del editor, distribuidor, etc. B. G. Teubner,
Fecha de publicación, distribución, etc. 1888.
300 ## - DESCRIPCIÓN FÍSICA
Extensión 218 p. ;
Dimensiones 22 cm.
490 1# - MENCIÓN DE SERIE
Mención de serie Algunas obras raras sobre la lengua cumanagota ;
Designación de volumen o secuencia 4
598 ## - NOTA LOCAL
Nota local Port. adicional para la serie.
650 #4 - PUNTO DE ACCESO ADICIONAL DE MATERIA--TÉRMINO DE MATERIA
Término de materia o nombre geográfico como elemento de entrada Lengua cumanagota.
9 (RLIN) 162858
650 #4 - PUNTO DE ACCESO ADICIONAL DE MATERIA--TÉRMINO DE MATERIA
Término de materia o nombre geográfico como elemento de entrada Indios de Venezuela-
Subdivisión general Lenguas.
9 (RLIN) 162816
700 1# - ENTRADA AGREGADA--NOMBRE PERSONAL
Nombre de persona Platzmann, Julius.
9 (RLIN) 131215
830 0# - PUNTO DE ACCESO ADICIONAL DE SERIE-TÍTULO UNIFORME
Título uniforme Algunas obras raras sobre la lengua cumanagota ;
Designación de volumen o secuencia 4
9 (RLIN) 188587
852 ## - LOCALIZACIÓN
Ubicación ES-MaACL
Número de control de estantería G-1709
Nota libre - Enc. hol. con puntas, conservando la cub. original
Holdings
Estatus retirado Estado de pérdida Estado de daño No para préstamo Colección Biblioteca de origen Biblioteca actual Ubicación en estantería Fecha de adquisición Fuente de adquisición Total de préstamos Signatura topográfica completa Código de barras Visto por última vez Precio de reemplazo Tipo de ítem Koha
        Libros del s. XIX Biblioteca del Ateneo de Madrid Biblioteca del Ateneo de Madrid Depósito 2 17/01/2008     G-1709 1174106 23/02/2023 23/02/2023 Libro impreso antiguo